| 000 | 00425nam a2200193Ia 4500 | ||
|---|---|---|---|
| 003 | OSt | ||
| 005 | 20251024104134.0 | ||
| 008 | 250729s1990 xx 000 0 und d | ||
| 020 | _a9780385504249 | ||
| 040 | _cAL | ||
| 041 | _aeng | ||
| 082 | _a823 HAIE | ||
| 100 |
_aHailey Arthur _9223294 |
||
| 245 | _a Evening news | ||
| 260 |
_aLondon _c1990 |
||
| 300 | _a646p | ||
| 650 |
_aFiction _9223295 |
||
| 942 |
_2ddc _cBED |
||
| 999 |
_c235836 _d235836 |
||